000 01130nam a2200373 a 4500
003 AR-BaBNM
005 20251128205826.0
008 082120s2002 ||||||||||||||000 | spa||
020 _a84-8004-218-4
040 _cAR-BaBNM
245 0 0 _aProcesos de aprendizaje en ambientes educativos
260 _aMadrid
_bCentro de Estudios Ramón Areces
_c1997
300 _a446 p.
_bgráfs., tablas
490 0 _aColección de Psicología
500 _aLas referencias bibliográficas se presentan al final de cada capítulo
500 _aAnexo: p. 443-446
650 4 _aAPRENDIZAJE
650 4 _aAMBIENTE EDUCACIONAL
650 4 _aTEORIAS DEL APRENDIZAJE
650 4 _aPROCESO DE APRENDIZAJE
650 4 _aPSICODIAGNOSTICO
650 4 _aATENCION
650 4 _aMEMORIA
650 4 _aPRUEBAS PSICOLOGICAS
650 4 _aPERCEPCION
650 4 _aPSICOLOGIA DE LA EDUCACION
700 1 _aBarco Lozano, Alfonso
700 1 _aMarcos Malmierca, José Luis
700 1 _aNúñez Pérez, José Carlos
700 1 _aPorto Rioboo, Ana María
700 1 _aSantorum Paz, María Rosa
942 _cBK
998 _carturo
999 _c12967
_d12967